000 00997nam0a22002411 4500
001 rc\2623755
005 20250623143039.0
035 _a(NLR Aleph) 006787392
090 _a6107916
_c6107916
100 _a20110914d1931 |||y0rusy50 ca
101 0 _arus
102 _aRU
105 _ay z |||||
200 1 _aМатериалы к проведению 3-месячника по экономии топлива
_fОбл. комиссия по проведению 3-месячника по экономии топлива
210 _a[Москва]
_cизд-во Мособлисполкома
_d1931
_g13-я типо-цинк. "Мособлполиграф"
215 _a20 с.
_d25х17 см.
710 0 2 _aМосковская областная комиссия по проведению трехмесячника по экономии топлива
801 0 _aRU
_bNLR
_gpsbo
801 1 _aRU
_bELAR
_2rusmarc
852 _aNLR
_j32-12/211
942 _cBOOK
980 _aNB